Nhà thờ công giáo Việt Nam

Đã lưu trong:
書目詳細資料
主要作者: Nguyễn, Hồng Dương
格式: 圖書
語言:Undetermined
出版: Thành phố Hồ Chí Minh Khoa học Xã hội 2003
主題:
標簽: 添加標簽
沒有標簽, 成為第一個標記此記錄!
Thư viện lưu trữ: Trung tâm Học liệu Trường Đại học Cần Thơ
LEADER 00542nam a2200181Ia 4500
001 CTU_92648
008 210402s9999 xx 000 0 und d
082 |a 230 
082 |b D561 
100 |a Nguyễn, Hồng Dương 
245 0 |a Nhà thờ công giáo Việt Nam 
245 0 |c Nguyễn Hồng Dương 
260 |a Thành phố Hồ Chí Minh 
260 |b Khoa học Xã hội 
260 |c 2003 
650 |a Chiristianity 
904 |i Tuyến 
980 |a Trung tâm Học liệu Trường Đại học Cần Thơ